Macbeth/ (Record no. 11659)

MARC details
000 -LEADER
fixed length control field 00544nam a22001937a 4500
005 - DATE AND TIME OF LATEST TRANSACTION
control field 20230926133628.0
008 - FIXED-LENGTH DATA ELEMENTS--GENERAL INFORMATION
fixed length control field 230926b ||||| |||| 00| 0 eng d
020 ## - INTERNATIONAL STANDARD BOOK NUMBER
International Standard Book Number 9789382267232
040 ## - CATALOGING SOURCE
Original cataloging agency IN-DiNC
Transcribing agency IN-DiNC
041 ## - LANGUAGE CODE
Language code of sung or spoken text English
082 ## - DEWEY DECIMAL CLASSIFICATION NUMBER
Classification number 822.33
Item number MAC
245 ## - TITLE STATEMENT
Title Macbeth/
Statement of responsibility, etc. by William Shakespeare and edited by Payal Nagpal
260 ## - PUBLICATION, DISTRIBUTION, ETC.
Place of publication, distribution, etc. Delhi:
Name of publisher, distributor, etc. Worldview publications,
Date of publication, distribution, etc. 2016.
300 ## - PHYSICAL DESCRIPTION
Extent xlix, 311p.
650 ## - SUBJECT ADDED ENTRY--TOPICAL TERM
Topical term or geographic name entry element English drama
700 ## - ADDED ENTRY--PERSONAL NAME
Personal name Shakespeare, William
Relator term Author
700 ## - ADDED ENTRY--PERSONAL NAME
Personal name Nagpal, Payal
Relator term Editor
942 ## - ADDED ENTRY ELEMENTS (KOHA)
Source of classification or shelving scheme Dewey Decimal Classification
Koha item type Books
Holdings
Withdrawn status Lost status Source of classification or shelving scheme Damaged status Not for loan Collection code Home library Current library Shelving location Date acquired Cost, normal purchase price Full call number Barcode Date last seen Copy number Price effective from Koha item type
    Dewey Decimal Classification     English Central Library, Naharkatiya College Central Library, Naharkatiya College General Stacks 26/09/2023 225.00 822.33 MAC 28213 26/09/2023 1 26/09/2023 Books
    Dewey Decimal Classification     English Central Library, Naharkatiya College Central Library, Naharkatiya College General Stacks 26/09/2023 225.00 822.33 MAC 28214 26/09/2023 2 26/09/2023 Books
    Dewey Decimal Classification     English Central Library, Naharkatiya College Central Library, Naharkatiya College General Stacks 26/09/2023 225.00 822.33 MAC 28961 26/09/2023 3 26/09/2023 Books
    Dewey Decimal Classification     English Central Library, Naharkatiya College Central Library, Naharkatiya College General Stacks 26/09/2023 225.00 822.33 MAC 28962 26/09/2023 4 26/09/2023 Books
    Dewey Decimal Classification     English Central Library, Naharkatiya College Central Library, Naharkatiya College General Stacks 26/09/2023 250.00 822.33 MAC 29453 26/09/2023 5 26/09/2023 Books
    Dewey Decimal Classification     English Central Library, Naharkatiya College Central Library, Naharkatiya College General Stacks 26/09/2023 250.00 822.33 MAC 29454 26/09/2023 6 26/09/2023 Books

Naharkatiya College © 2020. All rights reserved.

Powered By